Battles of the Wars of the Roses - Statistics

General Stats
  • This quiz has been taken 493 times
  • The average score is 7 of 16
Answer Stats
Hint Answer % Correct
15 1485: 22 August Bosworth
85%
1 1455: 22 May First Battle of St Albans
74%
6 1461: 17 February Second Battle of St Albans
74%
7 1461: 29 March Towton Moor
70%
14 1471: 4 May Tewkesbury
54%
4 1460: 30 December Wakefield
54%
13 1471: 14 April Barnet
49%
5 1461: 2 February Mortimer's Cross
37%
3 1460: 10 July Northampton
37%
16 1487: 16 June Stoke
36%
2 1459: 23 September Blore Heath
31%
11 1469: 26 July Edgecote
19%
8 1464: 25 April Hedgely Moor
16%
9 1464: 14 May Hexham
13%
12 1470: 12 March Empingham
10%
10 1464: June Bamburgh Castle
0%
No matching quizzes found
Score Distribution
Percent of People with Each Score
Percentile by Number Answered
Your Score History
You have not taken this quiz